000 00929 am a2200241 a 4500
005 20240527122724.0
008 100906s1987||||xxua f |||| 000 0 spa d
020 _a9275710163
041 _aspa
092 _c618.92
_l62
_sOPS
110 1 _aOPS
_963
_gOrganización Panamericana de la Salud.
245 _aTratamiento del niño con infección respiratoria aguda.
_bHabilidades de supervisión /
_cOrganización Panamericana de la Salud.
250 _a1a ed.
260 _aWashington:
_bOPS;
_c1987.
300 _a122 p.
500 _aOrganización Panamericana de la Salud. (1987). Tratamiento del niño con infección respiratoria aguda. Habilidades de supervisión. (1a ed.). Washington : OPS.
590 _aOPS Serie Paltex para técnicos medios y auxiliares. Donación Dr Oliva Sept. 2010
653 _aPediatría
653 _aInfección respiratoria aguda
930 _a2147
930 _a2148
942 _2ddc
_cBK
999 _c700
_d700